000
00302 a2200121 4500
000
nam a22 7a 4500
005
20260512115653.0
020
_a
9789394071636
100
_a
मोहन सिंह
_9
1239091
245
_a
खोज खबर
260
_b
Vikalp prakashan
_c
2023
942
_c
TEXL
999
_c
1851230
_d
1851230